000 00770nam a2200205Ia 4500
003 GCL
008 140319s9999 xx 000 0 ara d
020 _a371208977
040 _aGCL /
_cGCL
082 0 4 _a953.31
_bص ا
100 1 _aصالح محمد صالح صوحل
245 1 0 _aالادارة البريطانية فى عدن والمحميات الغربية خلال الفترة من 1937 - 1967 /
_cصالح محمد صالح صوحل
250 _aالاولى
260 _aالقاهرة :
_bمكتبة مدبولى ،
_c2002
300 _a220 ص ؛
_c24 سم
650 0 4 _aالاستعمار البريطانى
650 0 4 _aالمحميات
650 0 4 _aعدن - تاريخ - الاستعمار البريطانى - 1937 - 1967
942 _2ddc
_cBK
999 _c5870
_d5870